Last 15 Managers of Villarreal - Statistics

General Stats
  • This quiz has been taken 39 times
  • The average score is 5 of 15
Answer Stats
Answer % Correct
Unai Emery
93%
Quique Setién
73%
Marcelino
70%
Manuel Pellegrini
67%
Ernesto Valverde
60%
Luis García
37%
Javier Calleja
27%
Juan Garrido
20%
Miguel Ángel Lotina
20%
Pacheta
20%
Fran Escribá
13%
José Molina
7%
Julio Velázquez
7%
Miguel Ángel Tena
7%
Paquito
3%
No matching quizzes found
Score Distribution
Percent of People with Each Score
Percentile by Number Answered
Your Score History
You have not taken this quiz